The Wonder That is Hinduism/ (Record no. 210562)

MARC details
000 -LEADER
fixed length control field 00623nam a22001937a 4500
005 - DATE AND TIME OF LATEST TRANSACTION
control field 20250328111409.0
010 ## - LCCN (DPL NO)
LC control number ENG-144322
020 ## - INTERNATIONAL STANDARD BOOK NUMBER
International Standard Book Number 9788195201235
Terms of availability 285.00
035 ## - SYSTEM CONTROL NUMBER
System control number EN-127854
037 ## - SOURCE OF ACQUISITION
Source of stock number/acquisition DBAD
082 ## - DEWEY DECIMAL CLASSIFICATION NUMBER
Classification number 230.32
Edition number 1
100 ## - MAIN ENTRY--PERSONAL NAME
Personal name Chattopadhyay, Utpal
245 ## - TITLE STATEMENT
Title The Wonder That is Hinduism/
Remainder of title Utpal Chattopadhyay
260 ## - PUBLICATION, DISTRIBUTION, ETC. (IMPRINT)
Place of publication, distribution, etc Kolkata
Name of publisher, distributor, etc Blossom Books
Date of publication, distribution, etc August 2021
270 ## - ADDRESS
Address 9, Bir Ananta Ram Mondal Lane, Sinthee
City Kolkata
Postal code 700050
Electronic mail address blossombooks17@gmai.com
Telephone number 9836821125
-- 9804135725
300 ## - PHYSICAL DESCRIPTION
Extent 234p.
Dimensions 22 cm.(Pb)
700 ## - ADDED ENTRY--PERSONAL NAME
9 (RLIN) 76691
942 ## - ADDED ENTRY ELEMENTS (KOHA)
Source of classification or shelving scheme Dewey Decimal Classification
Item type English Books
Classification part 230.32
Call number suffix CHA
Holdings
Withdrawn status Lost status Not for loan Collection code Home library Current library Date acquired Source of acquisition Cost, normal purchase price Full call number Barcode Copy number Cost, replacement price Koha item type
      Non-fiction Patel Nagar Patel Nagar 28/03/2025 DBAD 285.00 230.32 CHA EN-127854 1 285.00 English Books

© Delhi Public Library
Hit Counter
free hit counter